00238nam a2200109Ia 4500008004100000041001200041082001100053100001500064245003700079260000600116650000600122221030s9999 xx 000 0 und d aEnglish a105.23 aA. Hussain 0aNetwork & Systemscby A. Hussain c0 aB